Statistics for Oklahoma City Thunder: Most Dunks Each Year

Click here to take the quiz!

General Stats

  • This quiz has been taken 39 times
    (20 since last reset)
  • The average score is 13 of 18

Answer Stats

Year Player Dunks % Correct
2008-2009Kevin Durant114
100%
2014-2015Steven Adams72
100%
2005-2006Chris Wilcox68
31%
2002-2003Rashard Lewis57
25%
2001-2002Jerome James49
0%

Score Distribution

Percentile by Number Answered

Percent of People with Each Score

Your Score History

You have not taken this quiz since the last reset